000 00359nam a2200157Ia 4500
001 24445
003 IN-NITTTR
005 20251114233313.0
008 251113s9999||||xx |||||||||||||| ||eng||
040 _beng
040 _cIN-NITTTR
041 _aeng
082 _a370.7 F466
245 0 _aFifth survey of educational research 1988- 92. /
942 _2ddc
_cBK
999 _c27074
_d27074